Alternatívne zdroje energie = Alternative energy resources ; ALER 2013 ; zborník príspevkov a vystúpení z 9. ročníka vedecko-odbornej konferencie ; Liptovský Ján, Slovensko, 2. - 4. októbra 2013 /
Uloženo v:
| Korporativní autor: | |
|---|---|
| Médium: | Konferenční příspěvek Kniha |
| Jazyk: | slovenština čeština |
| Vydáno: |
Liptovský Mikuláš :
Pobočka Slovenskej elektrotechnickej spoločnosti,
2013
|
| Témata: | |
| ISBN: | 9788089456154 |
| On-line přístup: |
|
| Tagy: |
Přidat tag
Žádné tagy, Buďte první, kdo vytvoří štítek k tomuto záznamu!
|
MARC
| LEADER | 00000nam a2200000 4500 | ||
|---|---|---|---|
| 003 | SK-BrCVT | ||
| 005 | 20220618092825.0 | ||
| 006 | m e d 000 0 | ||
| 007 | ta | ||
| 008 | 140203s2013 xo e d 000 0slo#d | ||
| 020 | |a 9788089456154 | ||
| 035 | |a CVTIDW0044474 | ||
| 040 | |a SNK |b slo |c SNK |e AACR2 |d CVTI SR | ||
| 041 | 0 | |a slo |a cze |b slo |b eng | |
| 044 | |a xo |c SK | ||
| 080 | |a 620.9 |2 2008 | ||
| 080 | |a 621.355 |2 2008 | ||
| 080 | |a 621.319.4 |2 2008 | ||
| 080 | |a 621.311.243 |2 2008 | ||
| 080 | |a 621.311.25 |2 2008 | ||
| 110 | 2 | |a Slovenská elektrotechnická spoločnosť, SES (Liptovský Mikuláš, Slovensko) |b člen ZSVTS |4 orm | |
| 245 | 1 | 0 | |a Alternatívne zdroje energie = |b Alternative energy resources ; ALER 2013 ; zborník príspevkov a vystúpení z 9. ročníka vedecko-odbornej konferencie ; Liptovský Ján, Slovensko, 2. - 4. októbra 2013 / |c Slovenská elektrotechnická spoločnosť |h elektronický zdroj |
| 246 | 1 | 1 | |a Alternative energy resources |
| 246 | 1 | 3 | |a ALER 2013 |
| 260 | |a Liptovský Mikuláš : |b Pobočka Slovenskej elektrotechnickej spoločnosti, |c 2013 | ||
| 300 | |a 1 CD-ROM ; |c 13 cm | ||
| 500 | |a Názov z titulnej obrazovky | ||
| 516 | |a Textový dokument | ||
| 538 | |a Technické požiadavky: Adobe Reader | ||
| 653 | 1 | |a biopalivo | |
| 653 | 1 | |a akumulátor | |
| 653 | 1 | |a geotermálna energia | |
| 653 | 1 | |a solárny systém | |
| 653 | 1 | |a kondenzátor | |
| 653 | 1 | |a fotovoltaický systém | |
| 653 | 1 | |a zdroj energie | |
| 653 | 1 | |a jadrová energetika | |
| 655 | 7 | |a kompaktné disky (CD) |2 SNKPH | |
| 711 | 2 | |a Alternatívne zdroje energie |c Liptovský Ján, Slovensko) |d 2. - 4. októbra 2013 : | |
| 852 | |a CVTISR |b 1 | ||
| 910 | |b V003237 |b Z001085 | ||
| 919 | |a 978-80-89456-15-4 | ||
| 959 | |a 24 | ||
| 974 | |a maria.Geracsekova |f Knihy | ||
| 992 | |a JDC | ||
| 992 | |a AZN | ||
| 999 | |c 220854 |d 220854 | ||

